| 000 | 00999cam a2200241 4500 | ||
|---|---|---|---|
| 008 | 011030n2001 000 0 eng u | ||
| 020 | _a1903287162 | ||
| 035 | _a(Sirsi) u115385 | ||
| 050 | _a697 | ||
| 110 |
_aChartered Institution of Building Services Engineers _92360 |
||
| 245 | _aVentilation and air conditioning : CIBSE guide B2 | ||
| 260 |
_aLondon _bCIBSE _c2001 |
||
| 300 |
_a1v. _fvarious pagings _bill. _c30cm. |
||
| 350 | _a78 | ||
| 490 |
_aCIBSE Guide _vB2 |
||
| 520 | _aUpdating the sections B2 and B3 of the 1986 edition of "CIBSE guide B" this guide aims to provide up to date information on the design, selection and specification of ventilation and air conditioning systems. | ||
| 650 | _aBUILT ENVIRONMENT-BUILDING ELEMENTS-COMPLETE BUILDING SERVICES ELEMENTS-COMPLETE HEATING, VENTILATION AND AIR CONDITIONING SYSTEMS | ||
| 650 | _aMECHANICAL VENTILATION | ||
| 650 | _aNATURAL VENTILATION | ||
| 650 | _aVENTILATION | ||
| 690 |
_aBlock management _96220 |
||
| 942 | _n0 | ||
| 999 |
_c101754 _d101754 |
||